1422 1350 1631 1708 1380 1272 1204 1375 1557 1048 1607 1509 1207 1557 1685 1027 1091 1214 1743 1437 1709 1497 1469 1819 1195 1082 1258 1071 1810 1293 1845 1601 1697 1659 1738 1564 1804 1360 1934 1300 1045 1931 1976 1768 1630 1278 1382 1411 1695 1519 1164 1878 1144 1242 1416 1206 1925 1764 1138 1685 1593 1243 1843 1054 1723 1969 1657 1857 1084 1879 1640 1961 1221 1465 1256 1128 1112 1825 1025 1492 1452 1636 1308 1910 1591 1893 1873 1796 1578 1453 1410 1684 1953 1478 1386 1727 1431 1948 1856 BCNSPRNW ULIB Ver.6.0+V

เปลี่ยนเป็นภาษาไทย

Change to English
 แสดงรายละเอียดบรรณานุกรม
  กลับหน้าหลัก

Brief Record : Get Marc (ISO 2709) : E-mail record : QR code < ปิดหน้าต่าง
LEADER : 00000nam 2200000uu 4500
001    13399124861
003     ULIB
008    160420s2557||||th 000 0 tha d
020    ^a9789746728294
060  4 ^aWS368^bน417ก
100 0  ^aนันทณี เสถียรศักดิ์พงศ์
245 10 ^aการคัดกรองพัฒนาการและการทดสอบในเด็ก=^bDeverlopment Screening and Testing Children /^cนันทณี เสถียรศักดิ์พงศ์, สร้อยสุดา วิทยาการและสุภาพร ชินชัย
250    ^aพิมพ์ครั้งที่ 1
260    ^aเชียงใหม่ :^bโครงการตำรา คณะเทคนิคการแพทย์ มหาวิทยาลัยเชียงใหม่,^c2557.
300    ^a250หน้า :^bภาพประกอบ,ตาราง;^c26 ซม.
650  7 ^aการทดสอบทางจิตวิทยาสำหรับเด็ก
650  7 ^aความผิดปกติ^xการทดสอบ^xในเด็ก
650  7 ^aพัฒนาการของเด็ก^xการทดสอบ
650  7 ^aเด็ก^xการเจริญเติบโต
700 0  ^aสร้สอยสุดา วิทยากร
700 0  ^aสุภาพร ชินชัย
710 1  ^aมหาวิทยาลัยเชียงใหม่. ^bคณะเทคนิคการแพทย์.^bหน่วยกิจกรรมบำบัดในเด็ก
945    ^p330^l0^i000615
945    ^p330^l0^i000616
945    ^p330^l0^i000617
999    ^aเกษร โพธิ์สุวรรณ
รายการนี้ยังไม่มีแท็ก
คุณยังไม่ได้ล็อกอิน คุณสามารถมีกิจกรรมร่วมกับเว็บไซต์ได้ แต่ต้องล็อกอินก่อน ::
  ล็อกอิน

รายการสื่อสารสนเทศ

ลำดับที่ ประเภท เลขเรียก/บาร์โค้ด สถานที่ สถานะ
1. วิทยาศาสตร์การแพทย์ และสุขภาพ
วิทยาศาสตร์การแพทย์ และสุขภาพ
สถานะ=หนังสือเก่า
WS368 น417ก ฉ.1 
  Barcode: 000615
ห้องสมุดวิทยาเขตสวรรค์ประชารักษ์
►ส่วนจัดเก็บหนังสือเก่า สปร
บนชั้น
  ขอยืม
2. วิทยาศาสตร์การแพทย์ และสุขภาพ
วิทยาศาสตร์การแพทย์ และสุขภาพ
สถานะ=หนังสือเก่า
WS368 น417ก ฉ.2 
  Barcode: 000616
ห้องสมุดวิทยาเขตสวรรค์ประชารักษ์
►ส่วนจัดเก็บหนังสือเก่า สปร
บนชั้น
  ขอยืม
3. วิทยาศาสตร์การแพทย์ และสุขภาพ
วิทยาศาสตร์การแพทย์ และสุขภาพ
สถานะ=หนังสือเก่า
WS368 น417ก ฉ.3 
  Barcode: 000617
ห้องสมุดวิทยาเขตสวรรค์ประชารักษ์
►ส่วนจัดเก็บหนังสือเก่า สปร
บนชั้น
  ขอยืม

รายการใกล้เคียง
    ผู้แต่ง [นันทณี เสถียรศักดิ์พงศ์]

    หัวเรื่อง [การทดสอบทางจิตวิทยาสำหรับเด็ก]

BibComment


ยังไม่เคยถูกคอมเมนท์

คอมเมนท์ทรัพยากรรายการนี้
  คอมเมนท์: การคัดกรองพัฒนาก..


 Copyright 2026. Bcnsprnw @Library